000 00238nam a2200097Ia 4500
001 977870
005 20251216151901.0
008 250824s9999 xx 000 0 und d
245 0 _aHUZUR
_cAHMET HAMDİ TANPINAR
260 _bDergah Yayınları
999 _c977870
_d977870